Представление документа в формате MARC21

Поле Инд. ПП Название Значение
Тип записи a
Библиографический уровень b
001 Контрольный номер RU/IS/BASE/283444951
005 Дата корректировки 20200630193308.5
008 Кодируемые данные 20081224
040 b Код языка каталог. rus
e Правила каталог. PSBO
041 0_ a Код языка текста rus
084 a Индекс другой классификации/Индекс ББК 60.541.1-42
100 1_ a Автор Новиков Д. В.
q Полное имя Новиков Денис Викторович
245 11 a Заглавие "Антизападничество" как стратегия рационального поведения современной российской элиты
504 a Библиография Библиогр. ссылки
650 a Основная рубрика политическая социология
a Основная рубрика социология
a Основная рубрика социология групп
653 a Ключевые слова антизападничество
a Ключевые слова политическая элита
a Ключевые слова российское общество
a Ключевые слова Россия
a Ключевые слова социальная элита
a Ключевые слова социальное поведение
a Ключевые слова социальные группы
a Ключевые слова стратегия поведения
a Ключевые слова элита
773 t Заглавие источника Вестник Московского университета. Серия 18, Социология и политология
d Дата издания источника 2008
g Прочая информация № 1. - С. 48 - 60 : табл., диагр.
w Контрольный № источника RU/IS/BASE/279889919
901 t Тип документа b